K sémantike pojmov kompetencie a kompetentný

Sémantický význam a vymedzenie pojmu kompetencie.

Saved in:
Bibliographic Details
Main Author: Gálik, Rudolf
Format: Book Chapter
Language:Slovak
Subjects:
Tags: Add Tag
No Tags, Be the first to tag this record!

MARC

LEADER 00000naa a2200000 4500
001 0181559
005 20240502073120.0
041 0 |a slo 
044 |a SK 
245 1 0 |a K sémantike pojmov kompetencie a kompetentný  |c Rudolf Gálik 
520 |a Sémantický význam a vymedzenie pojmu kompetencie. 
610 2 0 |a kompetencie manažérske 
610 2 0 |a kompetencie 
610 2 0 |a legislatíva 
610 2 0 |a pojmy 
610 2 0 |a jazykoveda 
100 1 |a Gálik, Rudolf